| 000 | 00683nam a22002177a 4500 | ||
|---|---|---|---|
| 003 | OSt | ||
| 005 | 20251211082819.0 | ||
| 008 | 251211b |||||||| |||| 00| 0 eng d | ||
| 020 | _a13 : 978-007-127617-7. | ||
| 040 |
_aDWCL-Main lib _cOC |
||
| 082 |
_23rd ed. _aCirc. 658.7 B786s 2010 |
||
| 100 | _aBowersox, Donald J. | ||
| 245 |
_aSupply chain logistics management./ _cBowersox, Donald J. |
||
| 260 |
_aBoston : _bMcGraw-Hill, _cc 2010 |
||
| 300 |
_axiv, 498 p. : _bill. ; _c26 cm. |
||
| 504 | _aIncludes bibliographical references & index. | ||
| 650 | _aBusiness logistics. | ||
| 700 | _aCloss, David J. | ||
| 700 | _aCooper, M Bixby | ||
| 942 |
_2ddc _cBK-CIRC _e3rd ed. _kCirc. _n0 |
||
| 999 |
_c7052 _d7052 |
||